Riconosci il Calciatore - Quiz n°1224 - Statistics

Statistiche generali
  • Questo quiz è stato fatto 7 volte
  • Il punteggio medio è 11 su 19
Statistiche sulle risposte
Indizio Risposta % Corretto
Squadra di club 6 Al-Jazira 2007-2008
100%
Squadra di club 4 Barcellona 1998-2004
100%
Ruolo Centrocampista
100%
Nazionalità Paesi Bassi
100%
Squadra di club 5 PSV 2004-2007
100%
Squadra di club 2 Vitess 1990-1995
100%
Squadra di club 3 PSV 1995-1998
86%
Data di nascita 29/10/1970
71%
Squadra di club 1 AZ Alkmaar 1988-1990
57%
Presenze in nazionale 101
43%
Altezza 185 cm
43%
Peso 77 kg
43%
Trofei per club Coppa dei Paesi Bassi: 2
PSV Eindhoven: 1995-1996, 2004-2005
Supercoppa dei Paesi Bassi: 2
PSV Eindhoven: 1996, 1997
Campionato olandese: 4
PSV Eindhoven: 1996-1997, 2004-2005, 2005-2006, 2006-2007
Campionato spagnolo: 1
Barcellona: 1998-1999
43%
Gol in nazionale 10
29%
Trofei individuali Rinus Michels Award: 2 2015, 2018
29%
Trofei per nazionali 0
14%
Gol nei club 151
14%
Presenze nei club 773
14%
Calciatore Phillip Cocu
14%
Nessun quiz corrispondente trovato
Distribuzione punteggi
Percentuale di utenti per punteggio
Percentile per numero di risposta
I tuoi punteggi nel tempo
Non hai fatto questo quiz